<?xml version="1.0" encoding="UTF-8"?>
<collection xmlns="http://www.loc.gov/MARC21/slim">
 <record>
  <leader>01148nam a22001937a 4500</leader>
  <controlfield tag="001">NCT_4_003638</controlfield>
  <controlfield tag="008">240115b        xxu||||| |||| 00| 0 vie d</controlfield>
  <datafield tag="999" ind1=" " ind2=" ">
   <subfield code="c">8055</subfield>
   <subfield code="d">8055</subfield>
  </datafield>
  <datafield tag="020" ind1=" " ind2=" ">
   <subfield code="c">5000</subfield>
  </datafield>
  <datafield tag="082" ind1="0" ind2="4">
   <subfield code="2">23rd ed.</subfield>
   <subfield code="a">895.63</subfield>
   <subfield code="b">H825/T.12</subfield>
  </datafield>
  <datafield tag="100" ind1="1" ind2=" ">
   <subfield code="a">Chieko, Hosokawa</subfield>
  </datafield>
  <datafield tag="245" ind1="1" ind2="0">
   <subfield code="a">Bá Tước Tiểu Thư :</subfield>
   <subfield code="b">Truyện tranh </subfield>
   <subfield code="n">Tập 12</subfield>
   <subfield code="c">Chieko Hosokawa</subfield>
  </datafield>
  <datafield tag="260" ind1=" " ind2=" ">
   <subfield code="a">H.</subfield>
   <subfield code="b">Văn Hóa Thông Tin</subfield>
   <subfield code="c">2010</subfield>
  </datafield>
  <datafield tag="300" ind1=" " ind2=" ">
   <subfield code="a">158 tr.</subfield>
   <subfield code="b">Tranh vẽ</subfield>
   <subfield code="c">18cm</subfield>
  </datafield>
  <datafield tag="520" ind1="3" ind2=" ">
   <subfield code="a">Câu chuyện diễn ra ở Pháp vào cuối thế kỷ XIX, thời kì Phồn hoa tươi đẹp. Corinne, cô gái trong sáng, hoạt bát lớn lên trong trại trẻ mồ côi đã có một mối tình trong sáng với chàng quý tộc mù Richard. Bên cạnh đó, bạn của Richard, Vua báo chí tuổi trẻ tài cao Alain lại tha thiết yêu cô. </subfield>
  </datafield>
  <datafield tag="653" ind1=" " ind2=" ">
   <subfield code="a">Tham khảo</subfield>
  </datafield>
  <datafield tag="942" ind1=" " ind2=" ">
   <subfield code="2">ddc</subfield>
   <subfield code="c">BK</subfield>
  </datafield>
  <datafield tag="952" ind1=" " ind2=" ">
   <subfield code="0">0</subfield>
   <subfield code="1">0</subfield>
   <subfield code="2">ddc</subfield>
   <subfield code="4">0</subfield>
   <subfield code="6">895_630000000000000_H825_T_12</subfield>
   <subfield code="7">0</subfield>
   <subfield code="9">28457</subfield>
   <subfield code="a">000001</subfield>
   <subfield code="b">000001</subfield>
   <subfield code="d">2024-02-21</subfield>
   <subfield code="o">895.63 H825/T.12</subfield>
   <subfield code="p">TK.03888</subfield>
   <subfield code="r">2024-02-21</subfield>
   <subfield code="v">5000.00</subfield>
   <subfield code="w">2024-02-21</subfield>
   <subfield code="y">BK</subfield>
  </datafield>
  <datafield tag="980" ind1=" " ind2=" ">
   <subfield code="a">Thư viện Trường Đại học Nam Cần Thơ</subfield>
  </datafield>
 </record>
</collection>
